00452cam a22000977a 4500008004000000082002000040100007900060245018300139260002200322300001000344180718b1971 xxu||||| |||| 00| 0 eng d aU61x54/In2/CWTC aCommittee on the Working of the Central Inland Water Transport Corporation aReport of the committee on the working of the central inland water transport corporation LTDcby Committee on the Working of the Central Inland Water Transport Corporation, India aNew Delhibc1971 a122p.